Wszystkie leśnictwa w nadleśnictwie Jedwabno - Statystyki

Ogólne statystyki
  • Ten quiz został rozwiązany 2 razy
  • Średni wynik to 3 z 18
Statystyki odpowiedzi
Leśnictwo % Poprawnych
Dłużek
100%
Jedwabno
100%
Kot
50%
Zimna Woda
50%
Borowe
0%
Butryny
0%
Dębowa Kępa
0%
Dębowiec
0%
Grobka
0%
Jagarzewo
0%
Łowne Jezioro
0%
Nowy Las
0%
Rutka
0%
Sadek
0%
Trzęsawisko
0%
Uścianek
0%
Wały
0%
Złota Góra
0%
Nie znaleziono quizów pasujących do podanych kryteriów
Rozkład punktacji
Procent ludzi z każdym wynikiem
Percentyl według liczby udzielonych odpowiedzi
Twoja historia wyników
Nie rozwiązałeś tego quizu